[Event "CTO DE ESPAÑA DE SELECCIONES AUTONÓMICAS"]
[Site "Hotel La Boroña, Gijón (Asturi"]
[Date "2011.05.02"]
[Round "6.1"]
[White "Del Rio De Angelis, Salvador G"]
[Black "Reinaldo Castineira, Roi"]
[Result "1/2-1/2"]
[WhiteElo "2502"]
[BlackElo "2497"]
[PlyCount "103"]
[EventDate "2011.04.29"]

1. d4 e6 2. c4 c5 3. d5 exd5 4. cxd5 d6 5. Nc3 g6 6. e4 Bg7 7. Be2 Ne7 8. h4 h5
9. Nf3 a6 10. a4 Bg4 11. Ng5 Bxe2 12. Qxe2 Nd7 13. O-O Ne5 14. Nd1 O-O 15. Ne3
Qd7 16. Bd2 b5 17. Bc3 b4 18. Bxe5 Bxe5 19. Nc4 Nc8 20. f4 Bd4+ 21. Kh1 Qg4 22.
Qxg4 hxg4 23. Rad1 b3 24. Na5 Nb6 25. Rd3 Nxa4 26. Rxb3 Rab8 27. Rg3 Nxb2 28.
Rxg4 Nd3 29. Rg3 Nf2+ 30. Kh2 Rbe8 31. Re1 Bf6 32. Rf3 Bxg5 33. Rxf2 Bxh4 34.
g3 Bf6 35. Nc4 Bc3 36. Rc1 Bd4 37. Re2 Rd8 38. g4 f5 39. exf5 gxf5 40. g5 Rfe8
41. Rxe8+ Rxe8 42. Nxd6 Rd8 43. Nxf5 Kf7 44. Kg3 Rxd5 45. Nxd4 cxd4 46. Kf3 a5
47. Rc7+ Ke6 48. Ke4 d3 49. Rc6+ Ke7 50. Rc1 d2 51. Rd1 Ke6 52. Ke3 1/2-1/2

[Event "CTO DE ESPAÑA DE SELECCIONES AUTONÓMICAS"]
[Site "Hotel La Boroña, Gijón (Asturi"]
[Date "2011.05.02"]
[Round "6.3"]
[White "Recuero Guerra, David"]
[Black "Huerga Leache, Mikel"]
[Result "0-1"]
[WhiteElo "2455"]
[BlackElo "2440"]
[PlyCount "134"]
[EventDate "2011.04.29"]

1. e4 c5 2. Nf3 Nc6 3. Bb5 g6 4. Bxc6 dxc6 5. d3 Bg7 6. h3 Nf6 7. Nc3 Nd7 8.
Be3 e5 9. Qd2 h6 10. O-O Qe7 11. Nh2 Nf8 12. f4 exf4 13. Rxf4 Ne6 14. Rf2 Nd4
15. Raf1 Be6 16. Ng4 Bxg4 17. Rxf7 Qxf7 18. Rxf7 Kxf7 19. hxg4 Kg8 20. Na4 b6
21. b4 cxb4 22. Qxb4 c5 23. Nxc5 bxc5 24. Qxc5 Rd8 25. e5 Ne6 26. Qe7 Kh7 27.
Qxe6 Rhe8 28. Qc4 Rxe5 29. Bxa7 Re1+ 30. Kf2 Re7 31. Bc5 Rc7 32. Ke3 Re8+ 33.
Kd2 Rec8 34. d4 Bxd4 35. Qxd4 Rxc5 36. c3 R8c7 37. Kc2 Rc4 38. Qe5 Ra7 39. g5
Rg4 40. gxh6 Rxg2+ 41. Kb3 Rb7+ 42. Kc4 Rxa2 43. Kd3 Ra6 44. Ke3 Rc6 45. Kf3
Rbc7 46. Kg2 Rxc3 47. Qd6 R3c5 48. Kg3 Rg5+ 49. Kf4 Rf5+ 50. Ke4 Rcf7 51. Qh2
Rf3 52. Qe5 Rf1 53. Qh2 Re1+ 54. Kd5 Rd7+ 55. Kc6 Red1 56. Qf4 R1d2 57. Qe3
R2d6+ 58. Kc5 Rd3 59. Qe1 Rc7+ 60. Kb6 Rdc3 61. Qa1 R3c6+ 62. Kb5 Rc1 63. Qd4
Rb1+ 64. Ka6 Rcb7 65. Qc3 R1b6+ 66. Ka5 Rb3 67. Qc5 Ra3+ 0-1

[Event "CTO DE ESPAÑA DE SELECCIONES AUTONÓMICAS"]
[Site "Hotel La Boroña, Gijón (Asturi"]
[Date "2011.05.02"]
[Round "6.4"]
[White "Navarro Cia, Miguel"]
[Black "Gonzalez Menendez, Ivan"]
[Result "0-1"]
[WhiteElo "2330"]
[BlackElo "2455"]
[PlyCount "34"]
[EventDate "2011.04.29"]

1. d4 Nf6 2. Bg5 e6 3. e4 h6 4. Bxf6 Qxf6 5. Qd2 d5 6. Nc3 Bb4 7. a3 Bxc3 8.
Qxc3 dxe4 9. Qxc7 O-O 10. O-O-O Nc6 11. c3 e5 12. d5 Bg4 13. f3 exf3 14. gxf3
Bf5 15. Qxb7 Nd4 16. Bd3 Qg5+ 17. Kb1 Bxd3+ 0-1

[Event "CTO DE ESPAÑA DE SELECCIONES AUTONÓMICAS"]
[Site "Hotel La Boroña, Gijón (Asturi"]
[Date "2011.05.02"]
[Round "6.5"]
[White "Suarez Garcia, Carlos"]
[Black "Jimenez Almeida, Luis David"]
[Result "0-1"]
[WhiteElo "2177"]
[BlackElo "1965"]
[PlyCount "98"]
[EventDate "2011.04.29"]

1. d4 e6 2. Nf3 Nf6 3. g3 b6 4. Bg2 Bb7 5. O-O c5 6. c4 cxd4 7. Nxd4 Bxg2 8.
Kxg2 Qc7 9. Qd3 a6 10. Qf3 Nc6 11. Bf4 Qc8 12. Nb3 Be7 13. Nc3 O-O 14. Rac1 Qb7
15. Rfd1 Rfd8 16. e4 d6 17. Qe2 Rac8 18. f3 Ne5 19. Nd2 Ng6 20. Be3 Nd7 21. b4
h5 22. Nb3 h4 23. Na4 Nge5 24. Bf2 g5 25. Nd2 f5 26. exf5 g4 27. Qe4 gxf3+ 28.
Kh3 Qxe4 29. Nxe4 exf5 30. Nxd6 Bxd6 31. Rxd6 hxg3 32. Kxg3 Nxc4 33. Rd5 b5 34.
Nb2 Nde5 35. Rcd1 f4+ 36. Kh3 Rxd5 37. Rxd5 Nxb2 38. Rxe5 Nd3 39. Rg5+ Kf7 40.
Kg4 Nxf2+ 41. Kxf3 Kf6 42. Rh5 Nd3 43. Rh6+ Kg5 44. Rxa6 Re8 45. Ra7 Re3+ 46.
Kg2 f3+ 47. Kg3 f2+ 48. Kg2 Re1 49. Rf7 Rg1+ 0-1

[Event "CTO DE ESPAÑA DE SELECCIONES AUTONÓMICAS"]
[Site "Hotel La Boroña, Gijón (Asturi"]
[Date "2011.05.02"]
[Round "6.6"]
[White "Gonzalez Etayo, Oihana"]
[Black "Suarez Calvo, Alesandra"]
[Result "1-0"]
[WhiteElo "1824"]
[BlackElo "2006"]
[PlyCount "89"]
[EventDate "2011.04.29"]

1. d4 Nf6 2. Nf3 c5 3. c3 e6 4. Bf4 d5 5. e3 Nc6 6. Be2 Qb6 7. Qb3 Na5 8. Qxb6
axb6 9. Nbd2 c4 10. O-O b5 11. Ne5 b4 12. g4 Be7 13. Bg3 b5 14. f4 O-O 15. g5
Ne4 16. Nxe4 dxe4 17. cxb4 Bxb4 18. Be1 Bd6 19. Bxa5 Rxa5 20. a4 Bxe5 21. fxe5
Ba6 22. axb5 Rxa1 23. Rxa1 Bxb5 24. b3 f5 25. gxf6 gxf6 26. exf6 Rxf6 27. bxc4
Bc6 28. Ra6 Bb7 29. Rb6 Bc8 30. Rb8 Rf8 31. c5 Kf7 32. Kg2 e5 33. Kg3 Kf6 34.
Ba6 Rg8+ 35. Kf2 Be6 36. Rxg8 Bxg8 37. Bb7 Ke7 38. Bxe4 exd4 39. exd4 Ke6 40.
Ke3 h6 41. Bc2 Kd7 42. Kf4 Kc6 43. Ke5 Kd7 44. Ba4+ Kc7 45. d5 1-0

[Event "CTO DE ESPAÑA DE SELECCIONES AUTONÓMICAS"]
[Site "Hotel La Boroña, Gijón (Asturi"]
[Date "2011.05.02"]
[Round "6.1"]
[White "Mascaro March, Pedro"]
[Black "Gomez Esteban, Juan Mario"]
[Result "1/2-1/2"]
[WhiteElo "2396"]
[BlackElo "2477"]
[PlyCount "79"]
[EventDate "2011.04.29"]

1. d4 Nf6 2. c4 e6 3. Nc3 d5 4. Nf3 Be7 5. Bg5 O-O 6. e3 h6 7. Bh4 b6 8. Be2
Bb7 9. Bxf6 Bxf6 10. cxd5 exd5 11. b4 c6 12. O-O Nd7 13. Qb3 Re8 14. Rfd1 a5
15. bxa5 Rxa5 16. a4 Be7 17. Rab1 Bd6 18. Bd3 Bc7 19. Qc2 Nf6 20. Re1 Ra8 21.
h3 Re7 22. Qb3 Ne4 23. Bxe4 dxe4 24. Ne5 c5 25. Rbd1 Qc8 26. Nc4 cxd4 27. exd4
Re6 28. d5 Rg6 29. Nxe4 Qf5 30. Qd3 Rd8 31. d6 Bxd6 32. Ncxd6 Rdxd6 33. Qxd6
Bxe4 34. Qd8+ Kh7 35. g3 Qxh3 36. Rxe4 Rxg3+ 37. fxg3 Qxg3+ 38. Kf1 Qf3+ 39.
Kg1 Qg3+ 40. Kf1 1/2-1/2

[Event "CTO DE ESPAÑA DE SELECCIONES AUTONÓMICAS"]
[Site "Hotel La Boroña, Gijón (Asturi"]
[Date "2011.05.02"]
[Round "6.3"]
[White "Bestard Borras, Miguel"]
[Black "Argandona Riveiro, Inigo"]
[Result "0-1"]
[WhiteElo "2204"]
[BlackElo "2389"]
[PlyCount "106"]
[EventDate "2011.04.29"]

1. d4 d5 2. Bf4 c5 3. e4 Nc6 4. exd5 Qxd5 5. Nc3 Qxd4 6. Nd5 e5 7. Nc7+ Kd8 8.
Nxa8 exf4 9. Nf3 Qxd1+ 10. Rxd1+ Bd7 11. Bb5 Kc8 12. O-O Nge7 13. Ng5 Be6 14.
Rfe1 g6 15. Nxe6 fxe6 16. Rxe6 Nd4 17. Bc4 Kb8 18. Rd6 Nc8 19. Rd8 Nc6 20. Be6
Nxd8 21. Rxd8 Bg7 22. Rd7 Re8 23. Nc7 Re7 24. Rxe7 Nxe7 25. Nd5 Nxd5 26. Bxd5
Bxb2 27. h4 b5 28. Bg8 h6 29. Bf7 g5 30. hxg5 hxg5 31. c4 a6 32. Be8 bxc4 33.
g4 f3 34. Bc6 c3 35. Ba4 Bc1 36. Kf1 Bd2 37. Bd1 Kc7 38. Bc2 Kb6 39. Bd1 Kb5
40. a3 Kc4 41. Bc2 Kd4 42. Bd1 Ke4 43. Bc2+ Kf4 44. Bf5 c4 45. Kg1 c2 46. Bxc2
Kxg4 47. Kf1 Kf4 48. Ba4 a5 49. Be8 g4 50. Bf7 c3 51. Bb3 Be3 52. fxe3+ Kxe3
53. Ke1 g3 0-1

[Event "CTO DE ESPAÑA DE SELECCIONES AUTONÓMICAS"]
[Site "Hotel La Boroña, Gijón (Asturi"]
[Date "2011.05.02"]
[Round "6.4"]
[White "Astasio Lopez, David"]
[Black "Lechado Artigues, Pedro"]
[Result "1-0"]
[WhiteElo "2330"]
[BlackElo "2081"]
[PlyCount "81"]
[EventDate "2011.04.29"]

1. d4 Nf6 2. Nd2 d5 3. Ngf3 e6 4. e3 Bd6 5. Bd3 Nbd7 6. O-O h6 7. c4 c6 8. b3
O-O 9. Bb2 Re8 10. h3 Qe7 11. Re1 b6 12. e4 dxe4 13. Nxe4 Nxe4 14. Bxe4 Bb7 15.
Rc1 Nf6 16. Bb1 Ba3 17. Bxa3 Qxa3 18. c5 Red8 19. Rc4 b5 20. Rc2 Rd5 21. Rce2
Rad8 22. Qc2 Qa5 23. Re5 Bc8 24. R5e2 Bb7 25. Qb2 Qc7 26. b4 Qf4 27. Qa3 Qc7
28. Qc3 Ra8 29. a3 a5 30. g3 a4 31. Ba2 Rdd8 32. Ne5 Nd5 33. Qd3 Re8 34. Bb1
Nf6 35. Kh2 Kf8 36. Ba2 Rad8 37. Kg1 Nd5 38. Qh7 Nf6 39. Qh8+ Ng8 40. Bb1 f5
41. Bxf5 1-0

[Event "CTO DE ESPAÑA DE SELECCIONES AUTONÓMICAS"]
[Site "Hotel La Boroña, Gijón (Asturi"]
[Date "2011.05.02"]
[Round "6.5"]
[White "Shen, Yue"]
[Black "Munoz Perez, Miriam"]
[Result "1-0"]
[WhiteElo "1976"]
[BlackElo "2049"]
[PlyCount "121"]
[EventDate "2011.04.29"]

1. d4 Nf6 2. c4 g6 3. Nc3 Bg7 4. e4 d6 5. Nf3 O-O 6. Be2 Nbd7 7. O-O e5 8. Be3
Re8 9. d5 Rf8 10. Ne1 Ne8 11. g4 f5 12. gxf5 gxf5 13. exf5 Rxf5 14. Kh1 Nf8 15.
Rg1 Ng6 16. Bd3 Nf4 17. Bxf5 Bxf5 18. Qf3 Qh4 19. Bxf4 Qxf4 20. Qxf4 exf4 21.
Ng2 f3 22. Nh4 Bd3 23. Nxf3 Kf8 24. Ng5 Be5 25. f4 Bf6 26. Rad1 Bf5 27. Rd2 h6
28. Nge4 Bg7 29. Ng3 Bg4 30. Kg2 Nf6 31. Re1 a6 32. f5 Nh5 33. Nxh5 Bxh5 34.
Ne4 Be5 35. Ng3 Bf7 36. Rf1 Ke7 37. Kh1 Rg8 38. Rg2 c6 39. f6+ Kd7 40. dxc6+
bxc6 41. b3 Ke6 42. Nf5 Rxg2 43. Kxg2 Bxf6 44. Nxd6 Bg6 45. c5 Bd4 46. Nb7 Be4+
47. Kh3 Bf5+ 48. Kh4 Bf6+ 49. Kh5 Bd3 50. Re1+ Kf5 51. Nd6+ Kf4 52. Re6 Bd4 53.
Nb7 Be4 54. Kxh6 Bd5 55. Re8 Kf5 56. Nd6+ Kf6 57. Re1 Bg2 58. Ne4+ Kf5 59. Ng3+
Kf6 60. Kh5 Bf2 61. Ne4+ 1-0

[Event "CTO DE ESPAÑA DE SELECCIONES AUTONÓMICAS"]
[Site "Hotel La Boroña, Gijón (Asturi"]
[Date "2011.05.02"]
[Round "6.2"]
[White "Recuero Guerra, Javier"]
[Black "Bolado Saez, Sergio"]
[Result "0-1"]
[WhiteElo "2296"]
[BlackElo "2331"]
[PlyCount "55"]
[EventDate "2011.04.29"]

1. d4 Nf6 2. Nf3 e6 3. g3 b5 4. Bg2 Bb7 5. O-O c5 6. c3 Be7 7. a4 b4 8. cxb4
cxb4 9. a5 O-O 10. Nbd2 d5 11. Ne1 Ba6 12. Nd3 Nc6 13. Nb3 Bc4 14. Ndc5 a6 15.
Bf4 Ra7 16. Re1 Nd7 17. Nxd7 Rxd7 18. Nc5 Ra7 19. Be3 Bd6 20. Bh3 Re8 21. Qa4
Bb5 22. Qa2 Bc7 23. Nb3 Rb7 24. Rac1 Bc4 25. Qa4 Rb5 26. Nc5 Qa8 27. Qc2 b3 28.
Qd1 0-1

[Event "CTO DE ESPAÑA DE SELECCIONES AUTONÓMICAS"]
[Site "Hotel La Boroña, Gijón (Asturi"]
[Date "2011.05.02"]
[Round "6.3"]
[White "Martin Fuentes, Alberto"]
[Black "Cenal Gutierrez, Ruben"]
[Result "1-0"]
[WhiteElo "2307"]
[BlackElo "2291"]
[PlyCount "72"]
[EventDate "2011.04.29"]

1. e4 c5 2. Nc3 g6 3. g3 Bg7 4. Bg2 d6 5. d3 Nc6 6. Be3 Bd7 7. Qd2 Rb8 8. Nge2
Nd4 9. O-O b5 10. Nc1 e6 11. Nd1 Ne7 12. c3 Ndc6 13. Bh6 O-O 14. Bxg7 Kxg7 15.
Ne2 d5 16. exd5 Nxd5 17. d4 c4 18. Bxd5 exd5 19. Nf4 g5 20. Ng2 Bf5 21. f4 Bd3
22. Re1 h6 23. Nf2 Bg6 24. g4 gxf4 25. Qxf4 b4 26. Re2 bxc3 27. bxc3 Qg5 28.
Qd6 Rb6 29. h4 Qd8 30. Qg3 Re8 31. Rxe8 Qxe8 32. Re1 Rb1 33. Rxb1 Bxb1 34. Nf4
Qe1+ 35. Kh2 Be4 36. Nh5+ Kg8 1-0

[Event "CTO DE ESPAÑA DE SELECCIONES AUTONÓMICAS"]
[Site "Hotel La Boroña, Gijón (Asturi"]
[Date "2011.05.02"]
[Round "6.4"]
[White "Santos Latasa, Jaime"]
[Black "Rodriguez Fontecha, Marcos"]
[Result "1-0"]
[WhiteElo "2227"]
[BlackElo "2254"]
[PlyCount "105"]
[EventDate "2011.04.29"]

1. d4 d5 2. c4 c6 3. Nf3 Nf6 4. e3 g6 5. Nc3 Bg7 6. Be2 O-O 7. O-O a5 8. b3
Nbd7 9. Ba3 Re8 10. Rc1 b6 11. cxd5 Nxd5 12. Nxd5 cxd5 13. Qc2 Nf8 14. Ne5 Bxe5
15. dxe5 Bd7 16. Rfd1 Rc8 17. Qd3 e6 18. Bd6 Bc6 19. Qd4 b5 20. Rc2 Qd7 21. Qb6
Qb7 22. Qxb7 Bxb7 23. Rdc1 a4 24. Rc7 axb3 25. axb3 Ba6 26. b4 Nd7 27. Ra1 Rxc7
28. Bxc7 Rc8 29. Bd6 Rc6 30. Kf1 g5 31. Bd3 f6 32. f4 gxf4 33. exf4 Kg7 34. Ke2
f5 35. Kd2 Kf7 36. Be2 Nf6 37. Bd3 Ne4+ 38. Bxe4 fxe4 39. Bc5 Kg6 40. g4 Kf7
41. Ke3 Ke8 42. Kd4 Kd7 43. Ra3 Ke8 44. Ke3 Bb7 45. Ra7 Rc7 46. f5 Kf7 47. Ra5
Bc6 48. Ra6 Bd7 49. Kf4 Be8 50. Rb6 Bd7 51. Rb8 Kg7 52. f6+ Kf7 53. Rf8+ 1-0

[Event "CTO DE ESPAÑA DE SELECCIONES AUTONÓMICAS"]
[Site "Hotel La Boroña, Gijón (Asturi"]
[Date "2011.05.02"]
[Round "6.5"]
[White "Tejedor Fuentes, Enrique"]
[Black "Alonso Gorrin, Javier"]
[Result "1-0"]
[WhiteElo "2113"]
[BlackElo "1934"]
[PlyCount "95"]
[EventDate "2011.04.29"]

1. e4 c5 2. d3 Nc6 3. g3 g6 4. Bg2 Bg7 5. Nc3 e6 6. Nge2 d6 7. Be3 Rb8 8. d4
cxd4 9. Nxd4 a6 10. Qd2 Ne5 11. Qe2 Qc7 12. Rd1 Ne7 13. O-O O-O 14. Kh1 Nc4 15.
Bc1 b5 16. b3 Nb6 17. Bb2 b4 18. Nb1 Bd7 19. c4 e5 20. Nc2 a5 21. Qd3 Nec8 22.
Nd2 Bc6 23. Rfe1 Nd7 24. Ne3 Nc5 25. Qc2 Ne7 26. Nd5 Nxd5 27. cxd5 Bb5 28. Nc4
Rfc8 29. f4 f6 30. Rc1 a4 31. Re3 axb3 32. axb3 Nxb3 33. Rxb3 Qxc4 34. Qd1 Qe2
35. Rxc8+ Rxc8 36. Qxe2 Bxe2 37. Rxb4 f5 38. Rb7 Bf6 39. Kg1 Bd3 40. exf5 Bxf5
41. Rb6 Be7 42. fxe5 dxe5 43. d6 Bg5 44. Rb3 e4 45. h4 Bd2 46. Rb7 e3 47. Bd5+
Kf8 48. Bg7+ 1-0

[Event "CTO DE ESPAÑA DE SELECCIONES AUTONÓMICAS"]
[Site "Hotel La Boroña, Gijón (Asturi"]
[Date "2011.05.02"]
[Round "6.6"]
[White "Juanes Garcia, Olaya"]
[Black "Martin Fuentes, Paula"]
[Result "1-0"]
[WhiteElo "1671"]
[BlackElo "1473"]
[PlyCount "99"]
[EventDate "2011.04.29"]

1. e4 e6 2. d4 d5 3. e5 c5 4. c3 Qb6 5. Nf3 Nc6 6. a3 Nge7 7. b4 cxd4 8. cxd4
Bd7 9. Nc3 Nf5 10. Na4 Qc7 11. Bb2 Rc8 12. Rc1 Qd8 13. Nc5 Rc7 14. Bd3 Nb8 15.
O-O b6 16. Nb3 Be7 17. Qe2 O-O 18. b5 f6 19. Rxc7 Qxc7 20. Rc1 Qd8 21. Bb1 g6
22. a4 Nh6 23. Qd3 f5 24. Rc2 Bc8 25. Bc1 Nf7 26. h3 Re8 27. Qc3 Bb7 28. Bd2
Qd7 29. Ne1 Rc8 30. Qg3 Rxc2 31. Bxc2 a6 32. Qd3 a5 33. Qg3 Qd8 34. Nf3 Nd7 35.
h4 Kg7 36. Nc1 Nf8 37. Ne2 Bc8 38. Nf4 Kh8 39. Nh3 h6 40. Nf4 Kh7 41. Qh3 Bd7
42. g4 Nh8 43. h5 g5 44. gxf5 Kg7 45. Nxe6+ Bxe6 46. fxe6 Qc8 47. Bb3 Qd8 48.
Qg4 Nh7 49. Nh4 Bf8 50. f4 1-0

[Event "CTO DE ESPAÑA DE SELECCIONES AUTONÓMICAS"]
[Site "Hotel La Boroña, Gijón (Asturi"]
[Date "2011.05.02"]
[Round "6.1"]
[White "Saenz Narciso, Miguel Angel"]
[Black "Veganzones Rojo, David"]
[Result "1-0"]
[WhiteElo "2226"]
[BlackElo "2072"]
[PlyCount "88"]
[EventDate "2011.04.29"]

1. e4 c6 2. Nc3 d5 3. Nf3 Bg4 4. h3 Bxf3 5. Qxf3 Nf6 6. d3 e6 7. g3 Bb4 8. Bd2
d4 9. Nb1 Qb6 10. c3 Ba5 11. Bc1 c5 12. Bg2 Nc6 13. O-O O-O 14. Qe2 e5 15. Kh1
dxc3 16. bxc3 Qa6 17. Bb2 Rad8 18. Rd1 Rd7 19. Bf1 Rfd8 20. Nd2 b5 21. Qe1 Qb7
22. a4 a6 23. axb5 axb5 24. Rdb1 c4 25. Qe3 cxd3 26. c4 Bxd2 27. Qxd2 b4 28.
Bg2 h6 29. f4 Qc7 30. Rf1 Nh7 31. Rad1 Qd6 32. Rf3 Qe6 33. c5 Nf6 34. Re3 Nh5
35. f5 Qc4 36. Rc1 Qb5 37. Bf1 Nf6 38. g4 b3 39. Rc3 Qb4 40. Bg2 Rd4 41. Kh2
Nxe4 42. Bxe4 Rxe4 43. Rexd3 Red4 44. Rxd4 Rxd4 1-0

[Event "CTO DE ESPAÑA DE SELECCIONES AUTONÓMICAS"]
[Site "Hotel La Boroña, Gijón (Asturi"]
[Date "2011.05.02"]
[Round "6.2"]
[White "De La Cruz Revilla, Miguel"]
[Black "Lorente Penalba, Diego"]
[Result "1-0"]
[WhiteElo "1997"]
[BlackElo "2175"]
[PlyCount "99"]
[EventDate "2011.04.29"]

1. e4 c5 2. Nf3 d6 3. d4 cxd4 4. Nxd4 Nf6 5. Nc3 g6 6. Be3 Bg7 7. f3 O-O 8. Qd2
Nc6 9. O-O-O Nxd4 10. Bxd4 Be6 11. Nd5 Bxd5 12. exd5 Qc7 13. Kb1 Rfc8 14. Rc1
a5 15. Bb5 a4 16. c4 e5 17. dxe6 fxe6 18. Rhd1 e5 19. Bc3 Rd8 20. Bb4 Bf8 21.
Qe3 Nd7 22. h4 Nc5 23. g3 Qg7 24. Bc3 Qf6 25. Rc2 Qf5 26. g4 Qf4 27. Qxf4 exf4
28. Bf6 Rdb8 29. Re2 Kf7 30. g5 Rc8 31. Rd4 Ra5 32. Rxf4 Nd3 33. Bd7 Nxf4 34.
Re4 Rc7 35. Be8+ Kg8 36. Bd8 Re5 37. Bxc7 Rxe4 38. fxe4 Ng2 39. Bxa4 Be7 40.
Bd7 Nxh4 41. Bc8 Nf3 42. Bxb7 Nxg5 43. a4 Kg7 44. a5 Ne6 45. Bb6 Bd8 46. Bxd8
Nxd8 47. a6 Ne6 48. a7 Nc7 49. e5 dxe5 50. b4 1-0

[Event "CTO DE ESPAÑA DE SELECCIONES AUTONÓMICAS"]
[Site "Hotel La Boroña, Gijón (Asturi"]
[Date "2011.05.02"]
[Round "6.3"]
[White "Arnedo Ruiz, Alberto"]
[Black "Cernuda Orejas, Victor Manuel"]
[Result "1/2-1/2"]
[WhiteElo "2019"]
[BlackElo "1931"]
[PlyCount "69"]
[EventDate "2011.04.29"]

1. e4 e6 2. d3 d5 3. Qe2 dxe4 4. dxe4 Nc6 5. c3 Bd7 6. Nf3 e5 7. Qc2 Nf6 8. Bc4
h6 9. O-O Bd6 10. Rd1 Qe7 11. a4 Be6 12. Nbd2 O-O 13. Bxe6 Qxe6 14. Nf1 a5 15.
Ng3 Rfd8 16. Nf5 Bf8 17. Be3 Ng4 18. h3 Nxe3 19. Nxe3 Bc5 20. Nd5 Bd6 21. Nh4
Ne7 22. Nxe7+ Bxe7 23. Nf5 Bf8 24. Rxd8 Rxd8 25. Rd1 Rxd1+ 26. Qxd1 g6 27. Ne3
Qa2 28. Qc2 c6 29. b3 Qa1+ 30. Kh2 b5 31. Ng4 h5 32. Nf6+ Kg7 33. Ne8+ Kg8 34.
Nf6+ Kg7 35. Ne8+ 1/2-1/2

[Event "CTO DE ESPAÑA DE SELECCIONES AUTONÓMICAS"]
[Site "Hotel La Boroña, Gijón (Asturi"]
[Date "2011.05.02"]
[Round "6.4"]
[White "Galvan Prieto, Albano"]
[Black "Laguardia Ortega, Moises"]
[Result "1-0"]
[WhiteElo "1859"]
[BlackElo "2015"]
[PlyCount "123"]
[EventDate "2011.04.29"]

1. e4 e5 2. Nf3 Nf6 3. Nc3 Bb4 4. d3 d5 5. exd5 Nxd5 6. Bd2 O-O 7. Be2 Nc6 8.
O-O Nxc3 9. bxc3 Ba5 10. Ne1 Qd6 11. a4 Re8 12. c4 Bxd2 13. Qxd2 Nd4 14. Bd1
Bd7 15. c3 Ne6 16. Bg4 Bc6 17. Bxe6 Qxe6 18. Nc2 Qg6 19. f3 Rad8 20. d4 h5 21.
d5 Bd7 22. a5 a6 23. Ne3 f5 24. f4 e4 25. Rab1 Bc8 26. c5 Qf7 27. Rfd1 Qe7 28.
Qd4 Qf6 29. Qc4 Kh7 30. Qd4 Kg8 31. Qxf6 gxf6 32. c4 Kf7 33. Rb3 Ke7 34. Nc2
Kf7 35. Kf2 h4 36. Ke3 Rg8 37. Rd2 Ke8 38. Nd4 c6 39. dxc6 bxc6 40. Rb6 Rg7 41.
Rxc6 Rb7 42. Rxf6 Rb4 43. Rh6 Kf7 44. Rxh4 Rxc4 45. c6 Rc3+ 46. Ke2 Rc4 47.
Rh7+ Kg6 48. Rc7 Kh5 49. h3 Ra4 50. Nb3 Rxd2+ 51. Nxd2 Be6 52. Re7 Bd5 53. c7
Bb7 54. Re5 Kg6 55. Re8 Rxa5 56. c8=Q Bxc8 57. Rxc8 Ra2 58. g4 Ra3 59. Rc6+ Kg7
60. gxf5 a5 61. Nxe4 Rxh3 62. f6+ 1-0

[Event "CTO DE ESPAÑA DE SELECCIONES AUTONÓMICAS"]
[Site "Hotel La Boroña, Gijón (Asturi"]
[Date "2011.05.02"]
[Round "6.5"]
[White "Moya Mallafre, Erik"]
[Black "Rodriguez Garcia, Carlos"]
[Result "1-0"]
[WhiteElo "1997"]
[BlackElo "1755"]
[PlyCount "69"]
[EventDate "2011.04.29"]

1. Nf3 f5 2. e4 fxe4 3. Ng5 d5 4. d3 e3 5. Bxe3 Nf6 6. d4 Bg4 7. Qd3 Nc6 8. h3
Bc8 9. Be2 e5 10. dxe5 Nxe5 11. Qb3 Bd6 12. Nc3 c6 13. O-O-O O-O 14. f4 Ng6 15.
g3 b5 16. h4 h6 17. h5 Ne7 18. Nge4 Nf5 19. Bf2 a5 20. Nxf6+ Qxf6 21. Ne4 Qe6
22. Nxd6 Qxd6 23. Qc3 b4 24. Qc5 Qxc5 25. Bxc5 Re8 26. Bf3 Nxg3 27. Rhg1 Ne2+
28. Bxe2 Rxe2 29. Bd4 Bf5 30. Rxg7+ Kf8 31. Rdg1 Rxc2+ 32. Kd1 Re8 33. Rg8+ Ke7
34. R1g7+ Kd8 35. Bf6+ 1-0